Statistics for Arctic Council Members and Observers

Click here to take the quiz!

General Stats

  • This quiz has been taken 17 times
  • The average score is 18 of 21

Answer Stats

Member States% Correct
Canada
100%
France
100%
United Kingdom
100%
United States
100%
Denmark
90%
Finland
90%
Germany
90%
Iceland
90%
Japan
90%
Netherlands
90%
Norway
90%
Poland
90%
Russia
90%
Sweden
90%
China
80%
Italy
80%
South Korea
80%
Spain
80%
Switzerland
70%
India
60%
Singapore
20%

Score Distribution

Percentile by Number Answered

Percent of People with Each Score

Your Score History

You have not taken this quiz